[Event "Florianopolis op 10th"]
[Site "Florianopolis"]
[Date "2024.01.26"]
[Round "8"]
[White "Rodi, Luis Ernesto"]
[Black "Cantarino Neto, Mario Ribeiro"]
[Result "1-0"]
[WhiteElo "2196"]
[BlackElo "1944"]
[PlyCount "55"]
[EventDate "2024.01.20"]
[EventType "swiss"]
[EventRounds "10"]
[EventCountry "BRA"]
[SourceTitle "CB05_2024"]
[SourceDate "2024.01.31"]
[SourceVersion "1"]
[SourceVersionDate "2024.01.31"]
[SourceQuality "1"]

1. e4 e5 2. Nf3 Nc6 3. d4 exd4 4. Nxd4 Nf6 5. Nxc6 bxc6 6. e5 Qe7 7. Qe2 Nd5 8. h4 Qe6 9. Nd2 d6 10. Nf3 dxe5 11. c4 Bb4+ 12. Kd1 Nf6 13. Nxe5 0-0 14. Bf4 Bd6 15. Rh3 Bxe5 16. Bxe5 Ng4 17. Bd4 Rd8 18. Rd3 Qxe2+ 19. Bxe2 Be6 20. b3 f6 21. Ke1 Ne5 22. Bxe5 fxe5 23. Rad1 Rxd3 24. Rxd3 Rf8 25. Re3 Rf4 26. g3 Rd4 27. Rxe5 Kf7 28. Bf3 1-0

[Event "Florianopolis op 10th"]
[Site "Florianopolis"]
[Date "2024.01.25"]
[Round "7"]
[White "Cantarino Neto, Mario Ribeiro"]
[Black "Cordioli, Jairo Ribeiro"]
[Result "1-0"]
[WhiteElo "1944"]
[BlackElo "1703"]
[PlyCount "115"]
[EventDate "2024.01.20"]
[EventType "swiss"]
[EventRounds "10"]
[EventCountry "BRA"]
[SourceTitle "CB05_2024"]
[SourceDate "2024.01.31"]
[SourceVersion "1"]
[SourceVersionDate "2024.01.31"]
[SourceQuality "1"]

1. c4 e5 2. Nc3 Nf6 3. Nf3 d6 4. g3 Nc6 5. Bg2 Be7 6. 0-0 0-0 7. d3 Bd7 8. a3 a5 9. Rb1 Qc8 10. Bg5 h6 11. Bxf6 Bxf6 12. Nd5 Bd8 13. b4 axb4 14. axb4 Bh3 15. e3 Bxg2 16. Kxg2 Ne7 17. Nxe7+ Bxe7 18. Qb3 f5 19. c5+ Kh8 20. cxd6 Bxd6 21. Qd5 Qe8 22. d4 exd4 23. Nxd4 Qe4+ 24. Qxe4 fxe4 25. b5 Be5 26. Ne6 Rf6 27. Nc5 Rb6 28. Nxe4 Ra5 29. f4 Bf6 30. Nxf6 Rxf6 31. Rfc1 c6 32. bxc6 bxc6 33. Rb8+ Kh7 34. h4 Re6 35. Rc3 Rd6 36. Kf3 Ra6 37. h5 g6 38. Rb7+ Kg8 39. Rc5 gxh5 40. Rxh5 Ra8 41. Rc7 Re8 42. Rh1 Rde6 43. Re1 R8e7 44. Rxe7 Rxe7 45. Rc1 Rc7 46. Rc5 Kf7 47. e4 Ke7 48. e5 Kd7 49. Kg4 Ra7 50. Kf5 Ra8 51. Kf6 Rg8 52. Rc3 c5 53. Kf7 Rc8 54. e6+ Kc6 55. e7 Kd5 56. e8Q Rxe8 57. Kxe8 Kd4 58. Rc1 1-0

[Event "Florianopolis op 10th"]
[Site "Florianopolis"]
[Date "2024.01.21"]
[Round "2"]
[White "Zottis, Ernani"]
[Black "Cantarino Neto, Mario Ribeiro"]
[Result "0-1"]
[WhiteElo "1335"]
[BlackElo "1944"]
[PlyCount "48"]
[EventDate "2024.01.20"]
[EventType "swiss"]
[EventRounds "10"]
[EventCountry "BRA"]
[SourceTitle "CB05_2024"]
[SourceDate "2024.01.31"]
[SourceVersion "1"]
[SourceVersionDate "2024.01.31"]
[SourceQuality "1"]

1. e4 e5 2. Nc3 Nf6 3. Bc4 Nc6 4. Nge2 Be7 5. d3 Na5 6. Bb3 c6 7. Be3 Ng4 8. Bd2 Nxb3 9. axb3 Bc5 10. d4 exd4 11. Na4 d6 12. h3 Ne5 13. Nxc5 dxc5 14. Bf4 Ng6 15. Bg3 0-0 16. 0-0 f5 17. e5 f4 18. Bh2 f3 19. gxf3 Bxh3 20. Re1 Nh4 21. Nf4 Qg5+ 22. Bg3 Rxf4 23. Kh2 Nxf3+ 24. Kxh3 Qg4+ 0-1

[Event "Florianopolis op 10th"]
[Site "Florianopolis"]
[Date "2024.01.20"]
[Round "1"]
[White "Cantarino Neto, Mario Ribeiro"]
[Black "Nunes, Lilia"]
[Result "1/2-1/2"]
[WhiteElo "1944"]
[BlackElo "1325"]
[PlyCount "221"]
[EventDate "2024.01.20"]
[EventType "swiss"]
[EventRounds "10"]
[EventCountry "BRA"]
[SourceTitle "CB05_2024"]
[SourceDate "2024.01.31"]
[SourceVersion "1"]
[SourceVersionDate "2024.01.31"]
[SourceQuality "1"]

1. c4 e6 2. Nf3 d5 3. g3 Nf6 4. Bg2 Be7 5. 0-0 0-0 6. b3 Nbd7 7. Bb2 b6 8. d3 Bb7 9. Nc3 c5 10. e3 Rb8 11. Rc1 Ng4 12. cxd5 exd5 13. d4 Re8 14. h3 Ngf6 15. Ne5 cxd4 16. exd4 Nxe5 17. dxe5 Ne4 18. Nxe4 dxe4 19. Qg4 Qd2 20. Bc3 Qxa2 21. Bxe4 Bxe4 22. Qxe4 Qxb3 23. Ba1 Qe6 24. Rc6 Qxh3 25. Qc4 Bc5 26. Bd4 Qd7 27. Rxc5 bxc5 28. Qxc5 Rbd8 29. Be3 Qd5 30. Qxd5 Rxd5 31. Bxa7 Rdxe5 32. Kg2 Re1 33. Rxe1 Rxe1 34. Kf3 g6 35. Kf4 h6 36. Kg4 Re4+ 37. Kf3 f5 38. Bb6 Rb4 39. Bc5 Rc4 40. Bb6 g5 41. Ba7 f4 42. gxf4 Rxf4+ 43. Kg3 h5 44. Be3 Rg4+ 45. Kh3 Rg1 46. Kh2 Rd1 47. Bxg5 Rd5 48. f4 Kf7 49. Kg3 Rd3+ 50. Kh4 Kg6 51. Be7 Rd4 52. Bg5 Rc4 53. Kg3 Rc3+ 54. Kh4 Rf3 55. Bd8 Rxf4+ 56. Kg3 Rg4+ 57. Kh3 Kf5 58. Bc7 Ke4 59. Bd6 Kf3 60. Bc7 Rc4 61. Bd6 Rc1 62. Kh2 Kg4 63. Kg2 Rc2+ 64. Kg1 h4 65. Bb8 h3 66. Kh1 Kf3 67. Bd6 Kg4 68. Bb8 Rc1+ 69. Kh2 Rf1 70. Bc7 Rf2+ 71. Kh1 Kf3 72. Bb8 Ke2 73. Bc7 Kf1 74. Bb8 Rb2 75. Bc7 Kf2 76. Kh2 Rc2 77. Bb8 Rc8 78. Bd6 Kf3 79. Kh1 Rh8 80. Be5 Rh5 81. Bc7 Kf2 82. Kh2 Rc5 83. Bd6 Rd5 84. Bc7 Kf1 85. Kxh3 Rg5 86. Bd8 Rg2 87. Bb6 Rb2 88. Bc5 Rb3+ 89. Kg4 Kg2 90. Bd6 Rc3 91. Be5 Rc4+ 92. Bf4 Ra4 93. Kf5 Kf3 94. Bc7 Rb4 95. Bd6 Rb5+ 96. Be5 Ra5 97. Ke6 Ke4 98. Bc7 Rh5 99. Kd6 Rb5 100. Kc6 Rh5 101. Bd6 Kd4 102. Bc7 Kc4 103. Bf4 Ra5 104. Bc7 Ra6+ 105. Bb6 Kb4 106. Kb7 Kb5 107. Bc7 Rh6 108. Be5 Rh7+ 109. Ka8 Ka6 110. Bb8 Rg7 111. Be5 1/2-1/2

[Event "Joao Pessoa Fischer Memorial 11th"]
[Site "Joao Pessoa"]
[Date "2022.05.08"]
[Round "6"]
[White "Barreto Filho, Carlos Alberto"]
[Black "Cantarino Neto, Mario Ribeiro"]
[Result "1/2-1/2"]
[WhiteElo "2293"]
[BlackElo "1968"]
[PlyCount "60"]
[EventDate "2022.05.06"]
[EventType "swiss"]
[EventRounds "6"]
[EventCountry "BRA"]
[SourceTitle "EXT 2023"]
[Source "ChessBase"]
[SourceDate "2022.10.05"]
[SourceVersion "1"]
[SourceVersionDate "2022.10.05"]
[SourceQuality "1"]

1. e4 e5 2. Nf3 Nc6 3. Bb5 a6 4. Ba4 Nf6 5. d3 d6 6. c3 Be7 7. Nbd2 0-0 8. Nf1 b5 9. Bc2 d5 10. Qe2 Bb7 11. Ng3 g6 12. 0-0 Re8 13. Rd1 Bf8 14. a4 b4 15. a5 Na7 16. Ba4 Bc6 17. Bxc6 Nxc6 18. Bg5 Bg7 19. Qc2 Qd6 20. Bxf6 Bxf6 21. exd5 Qxd5 22. cxb4 Nxb4 23. Qxc7 Rac8 24. Qb6 Be7 25. Ne4 Kg7 26. Nf6 Bxf6 27. Qxb4 Rb8 28. Qe4 Red8 29. Qe2 Rb5 30. Ra4 Rxa5 1/2-1/2

[Event "Florianopolis op 8th"]
[Site "Florianopolis"]
[Date "2022.01.24"]
[Round "1"]
[White "Cantarino Neto, Mario Ribeiro"]
[Black "Bokhonok, Tatiana dos Santos"]
[Result "1-0"]
[WhiteElo "1984"]
[BlackElo "1359"]
[PlyCount "94"]
[EventDate "2022.01.24"]
[EventType "swiss"]
[EventRounds "10"]
[EventCountry "BRA"]
[SourceTitle "CBM 206 Extra"]
[Source "ChessBase"]
[SourceDate "2022.03.31"]
[SourceVersion "1"]
[SourceVersionDate "2022.03.31"]
[SourceQuality "1"]

1. d4 e6 2. c4 f5 3. g3 Nf6 4. Nc3 d5 5. Nf3 c6 6. cxd5 exd5 7. Bg2 Bd6 8. 0-0 0-0 9. Ne1 Nbd7 10. Nd3 Ne4 11. Bf4 Bxf4 12. Nxf4 Qf6 13. e3 Qh6 14. Qh5 Qxh5 15. Nxh5 g5 16. f3 Nd2 17. Rf2 Nc4 18. Re1 Ndb6 19. b3 Nd6 20. e4 f4 21. exd5 Nxd5 22. Nxd5 cxd5 23. Re5 Rf5 24. gxf4 gxf4 25. Rxf5 Nxf5 26. Nxf4 Nxd4 27. Nxd5 Be6 28. Nc7 Rc8 29. Nxe6 Nxe6 30. Rd2 Rc1+ 31. Kf2 Nc7 32. f4 b6 33. Be4 Ne6 34. Bd5 Kf7 35. f5 Kf6 36. fxe6 Rc5 37. Ke3 Ke7 38. Ke4 b5 39. Ke5 Rc1 40. Rf2 Re1+ 41. Be4 h5 42. Rf7+ Ke8 43. Rxa7 Re2 44. Kd6 Rd2+ 45. Bd5 Rxd5+ 46. Kxd5 b4 47. Kd6 Kf8 1-0

[Event "Florianopolis op 6th"]
[Site "Florianopolis"]
[Date "2020.01.25"]
[Round "8"]
[White "Da Silveira, Robson Gustavo M"]
[Black "Cantarino Neto, Mario Ribeiro"]
[Result "0-1"]
[WhiteElo "1793"]
[BlackElo "2004"]
[PlyCount "46"]
[EventDate "2020.01.20"]
[EventType "swiss"]
[EventRounds "10"]
[EventCountry "BRA"]
[SourceTitle "CBM 194 Extra"]
[Source "ChessBase"]
[SourceDate "2020.03.31"]
[SourceVersion "1"]
[SourceVersionDate "2020.03.31"]
[SourceQuality "1"]

1. e4 e5 2. Nf3 Nc6 3. d4 exd4 4. Bc4 Nf6 5. e5 d5 6. Bb5 Ne4 7. Nxd4 Bc5 8. Be3 0-0 9. Bxc6 bxc6 10. 0-0 Qe8 11. f3 Ng5 12. f4 Ne4 13. Nd2 f5 14. Rf3 Bb6 15. Nxe4 fxe4 16. Rg3 c5 17. Ne2 d4 18. Bc1 Be6 19. b3 Rd8 20. Kh1 c4 21. bxc4 Bxc4 22. Bb2 c5 23. a4 Qh5 0-1

[Event "Florianopolis op 6th"]
[Site "Florianopolis"]
[Date "2020.01.23"]
[Round "5"]
[White "Cantarino Neto, Mario Ribeiro"]
[Black "Jenidarchiche, Douglas Rodrigo"]
[Result "1-0"]
[WhiteElo "2004"]
[BlackElo "1772"]
[PlyCount "61"]
[EventDate "2020.01.20"]
[EventType "swiss"]
[EventRounds "10"]
[EventCountry "BRA"]
[SourceTitle "CBM 194 Extra"]
[Source "ChessBase"]
[SourceDate "2020.03.31"]
[SourceVersion "1"]
[SourceVersionDate "2020.03.31"]
[SourceQuality "1"]

1. d4 Nf6 2. c4 g6 3. Nc3 Bg7 4. e4 d6 5. Nf3 0-0 6. Be2 c5 7. d5 e6 8. 0-0 exd5 9. cxd5 Bg4 10. Nd2 Bxe2 11. Qxe2 Re8 12. Qd3 a6 13. a4 Nbd7 14. f4 Rc8 15. h3 h5 16. e5 dxe5 17. f5 e4 18. Ndxe4 Nxe4 19. Nxe4 Bd4+ 20. Kh1 Ne5 21. Qc2 Kg7 22. d6 Rc6 23. Bg5 Qb6 24. Bf6+ Kh7 25. Ng5+ Kg8 26. Bxe5 Bxe5 27. fxg6 f6 28. Qc4+ Kg7 29. Qf7+ Kh6 30. Nf3 Rh8 31. Nxe5 1-0

[Event "Guarapari Regional Sudeste"]
[Site "Guarapari"]
[Date "2019.09.08"]
[Round "5"]
[White "Cantarino Neto, Mario Ribeiro"]
[Black "Santos, Ary Barbosa"]
[Result "1-0"]
[WhiteElo "1992"]
[BlackElo "1748"]
[PlyCount "77"]
[EventDate "2019.09.06"]
[EventType "swiss"]
[EventRounds "6"]
[EventCountry "BRA"]
[SourceTitle "EXT 2020"]
[Source "ChessBase"]
[SourceDate "2019.10.17"]
[SourceVersion "1"]
[SourceVersionDate "2019.10.17"]
[SourceQuality "1"]

1. d4 d5 2. c4 e6 3. Nc3 Bb4 4. Qb3 Nc6 5. e3 Nf6 6. Nf3 0-0 7. Bd3 a6 8. 0-0 dxc4 9. Bxc4 b5 10. Be2 Bb7 11. a4 Bxc3 12. bxc3 Na5 13. Qb1 c6 14. e4 h6 15. Ba3 Re8 16. Rd1 Qc7 17. Bc5 Nd7 18. Bb4 Nf6 19. Bxa5 Qxa5 20. axb5 Qc7 21. bxa6 Bc8 22. Bc4 Qf4 23. e5 Ne4 24. Qc1 Qg4 25. h3 Qh5 26. Qe3 f5 27. exf6 Nxf6 28. Re1 Bd7 29. Ne5 Nd5 30. Qg3 Bc8 31. Nxc6 Rf8 32. Re5 Qf7 33. Bxd5 exd5 34. a7 Be6 35. Rae1 Rfe8 36. Rxe6 Rxe6 37. Rxe6 Qxe6 38. Qb8+ Kh7 39. Qxa8 1-0

[Event "Brazil Pocos de Caldas op"]
[Site "Pocos de Caldas"]
[Date "2018.03.03"]
[Round "4"]
[White "Cantarino Neto, Mario Ribeiro"]
[Black "Utiyama, Marcel Heimar Ribei"]
[Result "0-1"]
[WhiteElo "1978"]
[BlackElo "2240"]
[PlyCount "70"]
[EventDate "2018.03.02"]
[EventType "swiss"]
[EventRounds "6"]
[EventCountry "BRA"]
[SourceTitle "CBM 183 Extra"]
[Source "ChessBase"]
[SourceDate "2018.04.19"]
[SourceVersion "1"]
[SourceVersionDate "2018.04.19"]
[SourceQuality "1"]

1. d4 Nf6 2. c4 g6 3. Nc3 d5 4. Nf3 Bg7 5. cxd5 Nxd5 6. e4 Nxc3 7. bxc3 c5 8. Rb1 0-0 9. Be2 Nc6 10. d5 Ne5 11. Nxe5 Bxe5 12. Qd2 e6 13. f4 Bc7 14. 0-0 exd5 15. exd5 Ba5 16. Bb2 Bf5 17. Rbd1 Rc8 18. d6 c4 19. Kh1 b5 20. Rfe1 Qf6 21. a3 Rcd8 22. Qd4 Qxd4 23. Rxd4 Rfe8 24. Rdd1 Re6 25. Bf3 Rxe1+ 26. Rxe1 Rxd6 27. Re8+ Kg7 28. a4 bxa4 29. g4 Bd7 30. Ra8 Bb6 31. Ba3 Rd1+ 32. Kg2 Rg1+ 33. Kh3 h5 34. f5 hxg4+ 35. Bxg4 gxf5 0-1

[Event "Guarapari op"]
[Site "Guarapari"]
[Date "2017.09.09"]
[Round "5"]
[White "Cantarino Neto, Mario Ribeiro"]
[Black "Silva, Rodrigo Souza"]
[Result "0-1"]
[WhiteElo "2000"]
[BlackElo "1859"]
[PlyCount "128"]
[EventDate "2017.09.07"]
[EventType "swiss"]
[EventRounds "6"]
[EventCountry "BRA"]
[SourceTitle "CBM 180 Extra"]
[Source "ChessBase"]
[SourceDate "2017.10.06"]
[SourceVersion "1"]
[SourceVersionDate "2017.10.06"]
[SourceQuality "1"]

1. d4 Nf6 2. c4 g6 3. Nc3 d5 4. Nf3 Bg7 5. cxd5 Nxd5 6. e4 Nxc3 7. bxc3 c5 8. Rb1 cxd4 9. cxd4 0-0 10. Be2 Qa5+ 11. Bd2 Qxa2 12. 0-0 Qe6 13. Bd3 Rd8 14. d5 Qd6 15. Bb4 Qd7 16. Qe2 b6 17. e5 Bb7 18. e6 fxe6 19. Bb5 Ba6 20. Bxa6 Nxa6 21. Qxa6 exd5 22. Rfe1 e6 23. Ne5 Bxe5 24. Rxe5 Rac8 25. Rbe1 Rc4 26. Bd2 Re8 27. g3 Kf7 28. Bf4 Qa4 29. Qxa4 Rxa4 30. Rc1 Rc4 31. Ra1 a5 32. Ree1 Ra8 33. Reb1 Rc6 34. Be3 Ra6 35. f4 Ke7 36. Rb5 a4 37. Rb4 Rc4 38. Rxb6 Rxb6 39. Bxb6 Kd6 40. Ba7 d4 41. h4 h5 42. Kf2 Kd5 43. Bb8 Rc2+ 44. Kf3 Rc3+ 45. Ke2 a3 46. Be5 Rc2+ 47. Ke1 a2 48. Rd1 Rc4 49. Kd2 Ra4 50. Ra1 Ke4 51. Kc2 Ke3 52. Kb3 Ra6 53. Kc4 d3 54. Re1+ Kd2 55. Bc3+ Kc2 56. Ra1 d2 57. Bxd2 Kxd2 58. Kb5 Ra8 59. Kc6 Kc2 60. Kd6 Ra6+ 61. Ke5 Kb2 62. Rxa2+ Kxa2 63. Kf6 Ra3 64. Kxg6 Rxg3+ 0-1

[Event "Guarapari op"]
[Site "Guarapari"]
[Date "2017.09.08"]
[Round "3"]
[White "Cantarino Neto, Mario Ribeiro"]
[Black "Carvalho, Luiz Candido Brant"]
[Result "1-0"]
[WhiteElo "2000"]
[BlackElo "1779"]
[PlyCount "55"]
[EventDate "2017.09.07"]
[EventType "swiss"]
[EventRounds "6"]
[EventCountry "BRA"]
[SourceTitle "CBM 180 Extra"]
[Source "ChessBase"]
[SourceDate "2017.10.06"]
[SourceVersion "1"]
[SourceVersionDate "2017.10.06"]
[SourceQuality "1"]

1. d4 Nf6 2. c4 e6 3. Nf3 d5 4. Nc3 c5 5. cxd5 exd5 6. g3 Nc6 7. Bg2 Qb6 8. Na4 Qb5 9. dxc5 Bxc5 10. Nxc5 Qxc5 11. 0-0 h6 12. Be3 Qb4 13. b3 Be6 14. Rc1 Ne4 15. Nd4 Qa5 16. Nxc6 bxc6 17. Bxe4 dxe4 18. Qd6 Bd5 19. Rxc6 Bxc6 20. Qxc6+ Ke7 21. Bc5+ Qxc5 22. Qxc5+ Kf6 23. f4 Rhe8 24. f5 Rad8 25. Qc3+ Re5 26. Qc6+ Kg5 27. Qc7 Rde8 28. Qxf7 1-0

[Event "Cuiaba Contaud op"]
[Site "Cuiaba"]
[Date "2017.07.29"]
[Round "3"]
[White "Cantarino Neto, Mario Ribeiro"]
[Black "Perdomo, Leandro Daniel"]
[Result "0-1"]
[WhiteElo "1989"]
[BlackElo "2466"]
[PlyCount "66"]
[EventDate "2017.07.28"]
[EventType "swiss"]
[EventRounds "6"]
[EventCountry "BRA"]
[SourceTitle "EXT 2018"]
[Source "ChessBase"]
[SourceDate "2017.10.13"]
[SourceVersion "1"]
[SourceVersionDate "2017.10.13"]
[SourceQuality "1"]

1. d4 Nf6 2. c4 g6 3. Nc3 Bg7 4. e4 d6 5. Nf3 0-0 6. Be2 e5 7. 0-0 Nbd7 8. Be3 Ng4 9. Bg5 f6 10. Bc1 Nh6 11. Qc2 c6 12. Rd1 Qe7 13. b3 Nf7 14. Ba3 Re8 15. Rac1 exd4 16. Nxd4 Nc5 17. Bxc5 dxc5 18. Nf3 f5 19. exf5 Bxf5 20. Bd3 Bg4 21. Re1 Qc7 22. Be2 Qa5 23. Ne4 Re7 24. Qd2 Qa3 25. Qf4 Rae8 26. Bd3 Bxf3 27. gxf3 Ne5 28. Be2 h6 29. Nf6+ Bxf6 30. Qxf6 Re6 31. Qf4 Qb2 32. Rcd1 Qc3 33. Qe3 Nxf3+ 0-1

[Event "Goiania op"]
[Site "Goiania"]
[Date "2017.05.28"]
[Round "5"]
[White "Cantarino Neto, Mario Ribeiro"]
[Black "Campos, Otavio Moraes"]
[Result "1-0"]
[WhiteElo "1996"]
[BlackElo "1707"]
[PlyCount "47"]
[EventDate "2017.05.26"]
[EventType "swiss"]
[EventRounds "6"]
[EventCountry "BRA"]
[SourceTitle "CBM 178 Extra"]
[Source "ChessBase"]
[SourceDate "2017.06.22"]
[SourceVersion "1"]
[SourceVersionDate "2017.06.22"]
[SourceQuality "1"]

1. d4 Nf6 2. c4 d6 3. Nc3 g6 4. e4 Bg7 5. Nf3 0-0 6. Be2 Nbd7 7. 0-0 a5 8. Bf4 c6 9. h3 Qc7 10. c5 e5 11. cxd6 Qxd6 12. dxe5 Qxd1 13. Raxd1 Nh5 14. Bh2 Re8 15. g4 Nxe5 16. Nxe5 Bxe5 17. Bxe5 Rxe5 18. Rd8+ Kg7 19. gxh5 gxh5 20. f4 Re7 21. Kh2 h4 22. Rg1+ Kh6 23. Rgg8 Rc7 24. Bg4 1-0

[Event "Goiania op"]
[Site "Goiania"]
[Date "2017.05.26"]
[Round "1"]
[White "Cantarino Neto, Mario Ribeiro"]
[Black "Valente, Fernando Cesar"]
[Result "1-0"]
[WhiteElo "1996"]
[BlackElo "1477"]
[PlyCount "99"]
[EventDate "2017.05.26"]
[EventType "swiss"]
[EventRounds "6"]
[EventCountry "BRA"]
[SourceTitle "CBM 178 Extra"]
[Source "ChessBase"]
[SourceDate "2017.06.22"]
[SourceVersion "1"]
[SourceVersionDate "2017.06.22"]
[SourceQuality "1"]

1. d4 Nf6 2. c4 e5 3. dxe5 Ng4 4. Nh3 Nxe5 5. e3 Nbc6 6. Be2 Bc5 7. 0-0 0-0 8. Nc3 d6 9. Nf4 Re8 10. Na4 Bb6 11. a3 Bd7 12. b4 Ne7 13. Nxb6 axb6 14. Bb2 N7g6 15. Qd4 Qg5 16. Kh1 Bc6 17. Nd5 Bxd5 18. cxd5 Qh6 19. f4 Nd7 20. Rf3 Ne7 21. Bd3 Qf6 22. Qxf6 Nxf6 23. e4 Ng6 24. Bxf6 gxf6 25. g3 Kg7 26. Rf2 c6 27. dxc6 bxc6 28. a4 h6 29. Kg2 Re7 30. a5 Rea7 31. Rfa2 bxa5 32. Rxa5 Rxa5 33. bxa5 Ne7 34. Kf3 Nc8 35. Ke3 c5 36. Kd2 Na7 37. Bc4 Rb8 38. Kc3 Kf8 39. Ra2 Ke7 40. Rb2 Rxb2 41. Kxb2 Kf8 42. Ka3 Ke7 43. Ka4 Kd8 44. Bxf7 Kc7 45. g4 Kc6 46. h4 Kd7 47. Bd5 Ke7 48. a6 Kf8 49. Ka5 Nc8 50. Kb5 1-0

[Event "Praia do Morro Guarapari op"]
[Site "Praia do Morro"]
[Date "2017.04.15"]
[Round "4"]
[White "Cantarino Neto, Mario Ribeiro"]
[Black "Cifuentes Goncalves, Luiz Osvaldo"]
[Result "0-1"]
[WhiteElo "2006"]
[BlackElo "1826"]
[PlyCount "48"]
[EventDate "2017.04.14"]
[EventType "swiss"]
[EventRounds "6"]
[EventCountry "BRA"]
[SourceTitle "CBM 177 Extra"]
[Source "ChessBase"]
[SourceDate "2017.04.27"]
[SourceVersion "1"]
[SourceVersionDate "2017.04.27"]
[SourceQuality "1"]

1. d4 Nf6 2. c4 c5 3. d5 e6 4. Nc3 exd5 5. cxd5 d6 6. Nf3 g6 7. Nd2 Bg7 8. e4 0-0 9. Be2 Re8 10. 0-0 a6 11. a4 Nbd7 12. a5 Nf8 13. f3 g5 14. Nc4 h6 15. Ra3 Ng6 16. Na4 Qe7 17. Nab6 Rb8 18. Bd2 g4 19. Nxc8 Rbxc8 20. Ne3 gxf3 21. gxf3 Qe5 22. Nf5 Nf4 23. Bc3 Nxe2+ 24. Qxe2 Qxf5 0-1

[Event "Praia do Morro Guarapari op"]
[Site "Praia do Morro"]
[Date "2017.04.14"]
[Round "2"]
[White "Cantarino Neto, Mario Ribeiro"]
[Black "Rodi, Luis Ernesto"]
[Result "1/2-1/2"]
[WhiteElo "2006"]
[BlackElo "2318"]
[PlyCount "73"]
[EventDate "2017.04.14"]
[EventType "swiss"]
[EventRounds "6"]
[EventCountry "BRA"]
[SourceTitle "CBM 177 Extra"]
[Source "ChessBase"]
[SourceDate "2017.04.27"]
[SourceVersion "1"]
[SourceVersionDate "2017.04.27"]
[SourceQuality "1"]

1. d4 d6 2. e4 Nf6 3. Nc3 g6 4. Nf3 Bg7 5. Be2 0-0 6. 0-0 Bg4 7. h3 Bxf3 8. Bxf3 Nc6 9. Be3 e5 10. dxe5 dxe5 11. Qxd8 Rfxd8 12. Rad1 Nd4 13. Bxd4 exd4 14. Nd5 Ne8 15. g4 c6 16. Nf4 Nd6 17. Rfe1 Nc4 18. Nd3 b6 19. Bg2 Rac8 20. f4 Ne3 21. Rd2 c5 22. Rde2 a5 23. Nf2 a4 24. a3 b5 25. Nd1 b4 26. e5 Nc4 27. Bb7 Rb8 28. Ba6 bxa3 29. Bxc4 axb2 30. Nxb2 Rxb2 31. e6 fxe6 32. Rxe6 Kf8 33. Re7 Rxc2 34. Rf7+ Kg8 35. Rd7+ Rxc4 36. Rxd8+ Kf7 37. Rd7+ 1/2-1/2

[Event "Brasilia Terraviva op"]
[Site "Brasilia"]
[Date "2017.01.08"]
[Round "6"]
[White "Montufar Berrios, Eymi Priscila"]
[Black "Cantarino Neto, Mario Ribeiro"]
[Result "1-0"]
[WhiteElo "1869"]
[BlackElo "2033"]
[PlyCount "53"]
[EventDate "2017.01.06"]
[EventType "swiss"]
[EventRounds "6"]
[EventCountry "BRA"]
[SourceTitle "CBM 176 Extra"]
[Source "ChessBase"]
[SourceDate "2017.03.02"]
[SourceVersion "1"]
[SourceVersionDate "2017.03.02"]
[SourceQuality "1"]

1. e4 e5 2. Nf3 Nc6 3. Bc4 Nf6 4. d3 Be7 5. Nc3 d6 6. h3 Na5 7. Bb3 c6 8. 0-0 0-0 9. Be3 b5 10. Nd2 a6 11. f4 Nxb3 12. axb3 exf4 13. Bxf4 d5 14. e5 Nd7 15. d4 Bb7 16. Qg4 Re8 17. Rae1 Nf8 18. Nf3 Bc8 19. Qg3 Ng6 20. Bg5 h6 21. e6 Bxe6 22. Rxe6 fxe6 23. Bxh6 Kh7 24. Ne5 Bf6 25. Qxg6+ Kg8 26. Bxg7 Bxg7 27. Rf7 1-0

[Event "Brasilia Terraviva op"]
[Site "Brasilia"]
[Date "2017.01.07"]
[Round "3"]
[White "Cantarino Neto, Mario Ribeiro"]
[Black "Rangel, Daniel"]
[Result "0-1"]
[WhiteElo "2033"]
[BlackElo "2269"]
[PlyCount "107"]
[EventDate "2017.01.06"]
[EventType "swiss"]
[EventRounds "6"]
[EventCountry "BRA"]
[SourceTitle "CBM 176 Extra"]
[Source "ChessBase"]
[SourceDate "2017.03.02"]
[SourceVersion "1"]
[SourceVersionDate "2017.03.02"]
[SourceQuality "1"]

1. d4 f5 2. Nc3 Nf6 3. Bg5 e6 4. f3 Be7 5. Qd2 0-0 6. 0-0-0 b6 7. Nh3 Bb7 8. e3 Qe8 9. Bd3 Nc6 10. a3 a6 11. Rhe1 Qh5 12. Bf4 Rac8 13. Kb1 b5 14. d5 exd5 15. e4 fxe4 16. fxe4 d4 17. Nd5 Bd8 18. Be2 Qf7 19. Bf3 h6 20. Bg3 d6 21. Nhf4 Ne5 22. Qxd4 Nxf3 23. gxf3 g5 24. Ne2 Nxd5 25. exd5 Qxf3 26. Rf1 Qxf1 27. Rxf1 Rxf1+ 28. Ka2 Rf7 29. Qe4 Bf6 30. Qg6+ Bg7 31. Nc3 Rcf8 32. h4 Rf6 33. Qe4 Rf5 34. Qe6+ Kh7 35. hxg5 hxg5 36. Qe1 R8f7 37. b3 Bxc3 38. Qxc3 Bxd5 39. Qd3 Bf3 40. Be1 g4 41. Bc3 g3 42. Qd4 g2 43. Qh8+ Kg6 44. Qg8+ Kh5 45. Qg3 d5 46. Qh3+ Kg6 47. Bd2 Kf6 48. Qh6+ Ke7 49. Bb4+ Kd7 50. Bc5 R5f6 51. Qh3+ Kc6 52. Bd4 Kb7 53. Qg3 Be4 54. Qc3 0-1

[Event "Brasilia Terraviva op"]
[Site "Brasilia"]
[Date "2017.01.06"]
[Round "2"]
[White "Labussiere, Victor"]
[Black "Cantarino Neto, Mario Ribeiro"]
[Result "0-1"]
[WhiteElo "1624"]
[BlackElo "2033"]
[PlyCount "102"]
[EventDate "2017.01.06"]
[EventType "swiss"]
[EventRounds "6"]
[EventCountry "BRA"]
[SourceTitle "CBM 176 Extra"]
[Source "ChessBase"]
[SourceDate "2017.03.02"]
[SourceVersion "1"]
[SourceVersionDate "2017.03.02"]
[SourceQuality "1"]

1. d4 d5 2. c4 e6 3. Nc3 Be7 4. Nf3 Nf6 5. e3 0-0 6. Bd3 c5 7. 0-0 Nc6 8. a3 b6 9. cxd5 exd5 10. h3 h6 11. b3 Be6 12. Bb2 Rc8 13. Rc1 cxd4 14. Nxd4 Nxd4 15. exd4 Bd6 16. Re1 Bb8 17. Bf1 Qd6 18. g3 h5 19. Nb5 Qd7 20. Rxc8 Rxc8 21. Nc3 Bxh3 22. Bg2 h4 23. gxh4 Qf5 24. Qf3 Qxf3 25. Bxf3 Be6 26. Kf1 g6 27. Ke2 Kg7 28. Rh1 Bf4 29. Bc1 Rxc3 30. Bxf4 Ng4 31. Rd1 Rxb3 32. Rd3 Rb1 33. Rd1 Rxd1 34. Kxd1 Nh6 35. Kd2 Nf5 36. h5 f6 37. hxg6 Nxd4 38. Be2 Kxg6 39. a4 Kf7 40. Bb5 Nb3+ 41. Kc2 Nc5 42. Bb8 a6 43. Bc6 d4 44. Bc7 Bb3+ 45. Kd2 Bxa4 46. Bd5+ Ke7 47. Bxb6 Kd6 48. Bc4 Bb5 49. Ba2 Kc6 50. Ba7 Ne4+ 51. Ke1 d3 0-1